[Event "Titled Tuesday intern op 16th Apr Early"]
[Site "Chess.com INT"]
[Date "2024.04.16"]
[Round "6"]
[White "Filippova, Margarita"]
[Black "Estrada Nieto, Julian"]
[Result "0-1"]
[WhiteElo "2007"]
[BlackElo "2195"]
[PlyCount "42"]
[EventDate "2024.04.16"]
[EventType "swiss (blitz)"]
[EventRounds "11"]
[EventCountry "USA"]
[SourceTitle "CB17_2024"]
[SourceDate "2024.04.24"]
[SourceVersion "1"]
[SourceVersionDate "2024.04.24"]
[SourceQuality "1"]

1. e4 e5 2. Nf3 Nc6 3. Bc4 Bc5 4. 0-0 Nf6 5. d4 Bxd4 6. Nxd4 Nxd4 7. Bg5 d6 8. f4 Be6 9. Nd2 c6 10. c3 Nb5 11. Bxb5 cxb5 12. fxe5 dxe5 13. Bxf6 gxf6 14. Qe2 Qb6+ 15. Kh1 0-0-0 16. Rxf6 Bc4 17. Qf2 Rxd2 18. Qf5+ Be6 19. Qxe5 Rhd8 20. Raf1 Rxb2 21. Qf4 Rxa2 0-1

[Event "Titled Tuesday intern op 16th Apr Early"]
[Site "Chess.com INT"]
[Date "2024.04.16"]
[Round "1"]
[White "Gurel, Ediz"]
[Black "Estrada Nieto, Julian"]
[Result "1-0"]
[WhiteElo "2578"]
[BlackElo "2195"]
[PlyCount "69"]
[EventDate "2024.04.16"]
[EventType "swiss (blitz)"]
[EventRounds "11"]
[EventCountry "USA"]
[SourceTitle "CB17_2024"]
[SourceDate "2024.04.24"]
[SourceVersion "1"]
[SourceVersionDate "2024.04.24"]
[SourceQuality "1"]

1. e4 e5 2. Nf3 Nc6 3. Nc3 Nf6 4. Bb5 Bb4 5. 0-0 0-0 6. d3 Bxc3 7. bxc3 d6 8. Bxc6 bxc6 9. Bg5 h6 10. Bh4 g5 11. Bg3 Bg4 12. Re1 Re8 13. Rb1 Rb8 14. Rxb8 Qxb8 15. h3 Bh5 16. d4 exd4 17. Qxd4 Nd7 18. Nd2 Bg6 19. Rb1 Qa8 20. f3 c5 21. Qf2 Qc6 22. h4 f6 23. Nc4 Qa6 24. Ne3 Qxa2 25. Rb7 Qa5 26. Nd5 Nb6 27. Nxf6+ Kf7 28. Nxe8 Kxe8 29. Rxc7 Qxc3 30. Bxd6 Nc4 31. Bxc5 Qa1+ 32. Kh2 Qe5+ 33. Qg3 gxh4 34. Qxe5+ Nxe5 35. Re7+ 1-0

[Event "Titled Tuesday intern op 16th Apr Late"]
[Site "Chess.com INT"]
[Date "2024.04.16"]
[Round "8"]
[White "Shevchuk, Olexandr"]
[Black "Estrada Nieto, Julian"]
[Result "0-1"]
[WhiteElo "2093"]
[BlackElo "2195"]
[PlyCount "66"]
[EventDate "2024.04.16"]
[EventType "swiss (blitz)"]
[EventRounds "11"]
[EventCountry "USA"]
[SourceTitle "CB17_2024"]
[SourceDate "2024.04.24"]
[SourceVersion "1"]
[SourceVersionDate "2024.04.24"]
[SourceQuality "1"]

1. d4 d5 2. Nf3 Nf6 3. c4 dxc4 4. Nc3 a6 5. g3 b5 6. Bg2 Bb7 7. 0-0 e6 8. b3 cxb3 9. Qxb3 Nbd7 10. a4 b4 11. Nd1 Rc8 12. a5 Be7 13. Bd2 Rb8 14. Nb2 0-0 15. Nd3 Bd5 16. Qa4 c5 17. dxc5 Nxc5 18. Nxc5 Bxc5 19. Rfc1 Bxf2+ 20. Kxf2 Ne4+ 21. Kg1 Nxd2 22. Nxd2 Bxg2 23. Kxg2 Qxd2 24. Rc2 Qd5+ 25. Kh3 Qf5+ 26. Kg2 Qe4+ 27. Kh3 Rb5 28. g4 h5 29. Rg1 hxg4+ 30. Kg3 Rh5 31. Kf2 Rxh2+ 32. Ke1 Qe3 33. Rf1 g3 0-1

[Event "Titled Tuesday intern op 02nd Apr Late"]
[Site "Chess.com INT"]
[Date "2024.04.02"]
[Round "11"]
[White "Estrada Nieto, Julian"]
[Black "Cahaya, Satria Duta"]
[Result "0-1"]
[WhiteElo "2195"]
[BlackElo "2184"]
[PlyCount "134"]
[EventDate "2024.04.02"]
[EventType "swiss (blitz)"]
[EventRounds "11"]
[EventCountry "USA"]
[SourceTitle "CB15_2024"]
[SourceDate "2024.04.10"]
[SourceVersion "1"]
[SourceVersionDate "2024.04.10"]
[SourceQuality "1"]

1. e4 c5 2. Nf3 Nc6 3. Bb5 g6 4. Bxc6 dxc6 5. d3 Nf6 6. h3 Nd7 7. Nc3 e5 8. Be3 Bg7 9. Qd2 h6 10. Nh2 Qe7 11. 0-0 Nf8 12. f4 exf4 13. Bxf4 Ne6 14. Be3 Nd4 15. Nf3 Be6 16. Rae1 0-0-0 17. Qf2 g5 18. Bxd4 cxd4 19. Ne2 Qb4 20. b3 c5 21. Ng3 Rhg8 22. Nh5 Bh8 23. Nh2 Qa5 24. a4 Be5 25. Ng4 Bb8 26. e5 Rg6 27. Qe2 Bc7 28. Rf3 Bd5 29. Rf6 Be6 30. Ref1 Qc3 31. R1f2 Kb8 32. Qe4 Bd5 33. Qe2 Be6 34. Rxg6 fxg6 35. Ng7 Bxg4 36. hxg4 Rg8 37. Rf7 c4 38. bxc4 Qa1+ 39. Qf1 Qxf1+ 40. Kxf1 Bxe5 41. Ne6 Re8 42. Nc5 Bc7 43. Ne4 Bf4 44. Rf6 Rg8 45. Ke2 h5 46. g3 Bc1 47. Kf3 h4 48. gxh4 gxh4 49. Kg2 g5 50. Kh3 Bf4 51. Rf5 Rg6 52. a5 Kc7 53. c5 Kc6 54. Rf7 a6 55. Rf5 Kb5 56. Rf7 Kc6 57. Rf5 Rg7 58. Nf6 Kb5 59. Ne4 Kxa5 60. c6+ Kb6 61. cxb7 Kxb7 62. Nd6+ Bxd6 63. Rd5 Bf4 64. Rxd4 Re7 65. Rb4+ Ka7 66. d4 Re2 67. d5 Rh2# 0-1

[Event "Titled Tuesday intern op 02nd Apr Early"]
[Site "Chess.com INT"]
[Date "2024.04.02"]
[Round "6"]
[White "Estrada Nieto, Julian"]
[Black "Moreira, Ronaldo Alonso"]
[Result "0-1"]
[WhiteElo "2195"]
[BlackElo "2088"]
[PlyCount "194"]
[EventDate "2024.04.02"]
[EventType "swiss (blitz)"]
[EventRounds "11"]
[EventCountry "USA"]
[SourceTitle "CB15_2024"]
[SourceDate "2024.04.10"]
[SourceVersion "1"]
[SourceVersionDate "2024.04.10"]
[SourceQuality "1"]

1. e4 e6 2. d4 d5 3. Nd2 dxe4 4. Nxe4 Nf6 5. Nxf6+ Qxf6 6. Nf3 h6 7. Bd3 c5 8. Be3 Nd7 9. Qd2 Be7 10. h4 cxd4 11. Bxd4 e5 12. Bc3 0-0 13. 0-0-0 Re8 14. Qe2 Bf8 15. g4 Qf4+ 16. Bd2 Qxg4 17. Rhg1 Qh5 18. Bb5 e4 19. Bc3 Qxf3 20. Qxf3 exf3 21. Bxd7 Bxd7 22. Rxd7 Re2 23. Bd4 b5 24. Kd1 Rc8 25. Rg3 Rcxc2 26. Rxf3 Red2+ 27. Ke1 Bb4 28. Kf1 Bc5 29. Rf4 Bxd4 30. Rdxd4 Rxd4 31. Rxd4 Rxb2 32. Rd8+ Kh7 33. Rd7 a5 34. a3 Rb3 35. Rb7 b4 36. axb4 Rxb4 37. Rxf7 Rxh4 38. Ra7 Ra4 39. Kg2 Ra3 40. f4 a4 41. Ra6 Kg8 42. f5 Kf7 43. Ra7+ Kf6 44. Ra5 h5 45. Kh2 h4 46. Kg2 h3+ 47. Kh2 Kg5 48. Ra7 Kxf5 49. Rxg7 Kf4 50. Re7 Re3 51. Ra7 a3 52. Ra4+ Kf3 53. Kxh3 Ke2+ 54. Kg4 Kd2 55. Kf4 Re7 56. Ra5 Kc3 57. Rc5+ Kb4 58. Rc8 Kb3 59. Rb8+ Ka2 60. Ra8 Kb2 61. Rb8+ Ka1 62. Ra8 a2 63. Kf3 Rc7 64. Rb8 Rc2 65. Ke3 Rb2 66. Rh8 Kb1 67. Rh1+ Kc2 68. Rh2+ Kb3 69. Rh8 a1Q 70. Rb8+ Kc2 71. Rc8+ Kb1 72. Rc3 Qa7+ 73. Kd3 Qd7+ 74. Kc4 Qe7 75. Rd3 Qc7+ 76. Kd4 Qd7+ 77. Ke3 Qxd3+ 78. Kxd3 Rb8 79. Kc4 Rh8 80. Kd5 Rh4 81. Ke5 Kc2 82. Kf5 Ra4 83. Kg5 Kd3 84. Kf5 Ke3 85. Ke5 Ra5+ 86. Kd6 Ke4 87. Kc6 Rh5 88. Kd6 Rg5 89. Ke6 Rg6+ 90. Kf7 Ra6 91. Ke7 Kd5 92. Kd7 Ra7+ 93. Kc8 Kd6 94. Kb8 Rh7 95. Ka8 Rg7 96. Kb8 Kc6 97. Ka8 Kb6 0-1

[Event "Titled Tuesday intern op 02nd Apr Early"]
[Site "Chess.com INT"]
[Date "2024.04.02"]
[Round "7"]
[White "Estrada Nieto, Julian"]
[Black "Narva, Triin"]
[Result "1-0"]
[WhiteElo "2195"]
[BlackElo "2079"]
[PlyCount "83"]
[EventDate "2024.04.02"]
[EventType "swiss (blitz)"]
[EventRounds "11"]
[EventCountry "USA"]
[SourceTitle "CB15_2024"]
[SourceDate "2024.04.10"]
[SourceVersion "1"]
[SourceVersionDate "2024.04.10"]
[SourceQuality "1"]

1. e4 d5 2. exd5 Qxd5 3. Nc3 Qd6 4. d4 Nf6 5. Nf3 Nc6 6. Nb5 Qd8 7. c4 a6 8. Nc3 Bg4 9. Be3 e6 10. Be2 Bb4 11. 0-0 0-0 12. Qb3 Qe7 13. a3 Bxc3 14. bxc3 Rab8 15. Bg5 h6 16. Bh4 g5 17. Bg3 Ne4 18. Qc2 f5 19. Be5 Bxf3 20. Bxf3 Nxe5 21. Bxe4 Nxc4 22. Bd3 Nd6 23. Rfe1 Qf6 24. c4 Qxd4 25. Rad1 Qf6 26. c5 Nf7 27. Bc4 e5 28. Rd7 Kh8 29. Rxc7 Nd8 30. g4 Ne6 31. Rd7 Nd4 32. Rxd4 exd4 33. Re6 Qg7 34. gxf5 Rf6 35. Qe4 Rbf8 36. Re7 R8f7 37. Bxf7 Rxf7 38. Re8+ Kh7 39. f6+ Qg6 40. Rh8+ Kxh8 41. Qxg6 Rh7 42. Qe8# 1-0

[Event "Mexican op 69th"]
[Site "Mexico City"]
[Date "2024.03.27"]
[Round "2"]
[White "Almeida Quintana, Omar"]
[Black "Estrada Nieto, Julian"]
[Result "1-0"]
[WhiteElo "2524"]
[BlackElo "2195"]
[PlyCount "54"]
[EventDate "2024.03.26"]
[EventType "swiss"]
[EventRounds "9"]
[EventCountry "MEX"]
[SourceTitle "CB14_2024"]
[SourceDate "2024.04.01"]
[SourceVersion "1"]
[SourceVersionDate "2024.04.01"]
[SourceQuality "1"]

1. Nf3 d5 2. g3 Nf6 3. Bg2 Bf5 4. 0-0 h6 5. c4 e6 6. Qb3 Qc8 7. Nc3 c6 8. cxd5 cxd5 9. d3 Nc6 10. Bf4 Nh5 11. Be3 Be7 12. Nd4 Bg6 13. Rfc1 0-0 14. Nxc6 bxc6 15. Na4 Qa6 16. Nc5 Qb5 17. Nd7 Rfc8 18. Ne5 Qxb3 19. axb3 c5 20. Nxg6 fxg6 21. Ra6 Nf6 22. Bh3 Rc7 23. Bxe6+ Kf8 24. b4 c4 25. dxc4 Rxc4 26. Rxc4 dxc4 27. b5 Ke8 1-0

[Event "Titled Tuesday intern op 27th Feb Late"]
[Site "Chess.com INT"]
[Date "2024.02.27"]
[Round "7"]
[White "Do Valle Cardoso, Lucas"]
[Black "Estrada Nieto, Julian"]
[Result "1/2-1/2"]
[WhiteElo "2413"]
[BlackElo "2199"]
[PlyCount "67"]
[EventDate "2024.02.27"]
[EventType "swiss (blitz)"]
[EventRounds "11"]
[EventCountry "USA"]
[SourceTitle "CB10_2024"]
[SourceDate "2024.03.06"]
[SourceVersion "1"]
[SourceVersionDate "2024.03.06"]
[SourceQuality "1"]

1. e4 e5 2. Nf3 Nc6 3. d4 exd4 4. Bc4 Bc5 5. c3 d6 6. cxd4 Bb6 7. h3 Nf6 8. Nc3 0-0 9. 0-0 Nxe4 10. Nxe4 d5 11. Bg5 Qd7 12. Nf6+ gxf6 13. Bxf6 Qf5 14. Bg5 dxc4 15. Qd2 Nxd4 16. Nxd4 Bxd4 17. Rae1 c5 18. Bh6 Be6 19. Re3 Kh8 20. Rf3 Qg6 21. Bxf8 Rxf8 22. Kh1 Rg8 23. Rg3 Qf6 24. Rxg8+ Kxg8 25. f4 Bd5 26. Kh2 Be4 27. Qe2 Qe6 28. Re1 f5 29. Qh5 Qg6 30. Qh4 Qf6 31. Qh5 Qg6 32. Qh4 Bf6 33. Qf2 Bd4 34. Qh4 1/2-1/2

[Event "Titled Tuesday intern op 27th Feb Late"]
[Site "Chess.com INT"]
[Date "2024.02.27"]
[Round "3"]
[White "Estrada Nieto, Julian"]
[Black "Quesada Perez, Yasser"]
[Result "0-1"]
[WhiteElo "2199"]
[BlackElo "2584"]
[PlyCount "76"]
[EventDate "2024.02.27"]
[EventType "swiss (blitz)"]
[EventRounds "11"]
[EventCountry "USA"]
[SourceTitle "CB10_2024"]
[SourceDate "2024.03.06"]
[SourceVersion "1"]
[SourceVersionDate "2024.03.06"]
[SourceQuality "1"]

1. e4 d5 2. exd5 Nf6 3. d4 Bg4 4. Be2 Bxe2 5. Qxe2 Qxd5 6. Nf3 e6 7. c4 Bb4+ 8. Bd2 Bxd2+ 9. Nbxd2 Qf5 10. 0-0 0-0 11. Rfe1 Nc6 12. Nb3 Rad8 13. Rad1 h6 14. h3 a5 15. Nc1 a4 16. Rd2 Rd6 17. Qd1 Qa5 18. Ne2 Rfd8 19. Nc3 a3 20. Nb5 R6d7 21. bxa3 Na7 22. Nxa7 Qxa7 23. Qb3 c5 24. d5 exd5 25. cxd5 Rxd5 26. Rxd5 Rxd5 27. Re7 Qb8 28. Rxb7 Qf4 29. g3 Qd6 30. Rb8+ Kh7 31. Qb1+ g6 32. Kg2 Rd3 33. Qb7 Kg7 34. Qc8 g5 35. Qh8+ Kg6 36. h4 Qd5 37. h5+ Kf5 38. Qc8+ Nd7 0-1

[Event "Titled Tuesday intern op 27th Feb Late"]
[Site "Chess.com INT"]
[Date "2024.02.27"]
[Round "4"]
[White "Gonzalez Zharikov, Andrey"]
[Black "Estrada Nieto, Julian"]
[Result "0-1"]
[WhiteElo "1985"]
[BlackElo "2199"]
[PlyCount "56"]
[EventDate "2024.02.27"]
[EventType "swiss (blitz)"]
[EventRounds "11"]
[EventCountry "USA"]
[SourceTitle "CB10_2024"]
[SourceDate "2024.03.06"]
[SourceVersion "1"]
[SourceVersionDate "2024.03.06"]
[SourceQuality "1"]

1. e4 e5 2. Nf3 Nc6 3. Bb5 a6 4. Ba4 Nf6 5. 0-0 Be7 6. Re1 b5 7. Bb3 d6 8. a4 b4 9. a5 0-0 10. d3 Rb8 11. Bc4 Bg4 12. Nbd2 Qc8 13. h3 Be6 14. c3 bxc3 15. bxc3 Rd8 16. Qa4 Bxc4 17. Nxc4 Qd7 18. Bg5 h6 19. Bh4 Rb5 20. d4 Nh7 21. Bxe7 Nxe7 22. dxe5 d5 23. Na3 Rc5 24. Qxd7 Rxd7 25. exd5 Rdxd5 26. c4 Rd3 27. Nc2 Nc6 28. Nb4 Nxb4 0-1

[Event "Titled Tuesday intern op 13th Feb Late"]
[Site "Chess.com INT"]
[Date "2024.02.13"]
[Round "7"]
[White "Ruiz Aguilar, Pablo Alexander"]
[Black "Estrada Nieto, Julian"]
[Result "1/2-1/2"]
[WhiteElo "2162"]
[BlackElo "2199"]
[PlyCount "132"]
[EventDate "2024.02.13"]
[EventType "swiss (blitz)"]
[EventRounds "11"]
[EventCountry "USA"]
[SourceTitle "CB08_2024"]
[SourceDate "2024.02.21"]
[SourceVersion "1"]
[SourceVersionDate "2024.02.21"]
[SourceQuality "1"]

1. e4 e5 2. Nf3 Nc6 3. Bb5 a6 4. Ba4 Nf6 5. d3 d6 6. 0-0 g6 7. Nc3 Bg7 8. a3 0-0 9. Bg5 h6 10. Bd2 Bg4 11. h3 Bxf3 12. Qxf3 Nd4 13. Qd1 b5 14. Bb3 Nxb3 15. cxb3 d5 16. Qe2 d4 17. Nb1 c5 18. f4 Nh5 19. Qf3 exf4 20. Bxf4 Nxf4 21. Qxf4 Qe7 22. Nd2 Qe6 23. Rae1 Rae8 24. Qc7 Qe5 25. Qxe5 Bxe5 26. Rf3 Kg7 27. g3 h5 28. Kg2 f6 29. Ref1 Rc8 30. Rc1 Rc7 31. Rc2 Rfc8 32. Rf1 Bd6 33. Rfc1 Kf7 34. Nf3 Ke6 35. b4 Kd7 36. bxc5 Bxc5 37. b4 Bb6 38. Rxc7+ Rxc7 39. Rxc7+ Kxc7 40. e5 Kd7 41. exf6 Ke6 42. f7 Kxf7 43. Ne5+ Kg7 44. Kf3 Bc7 45. Nd7 a5 46. Nc5 axb4 47. axb4 Kf7 48. g4 hxg4+ 49. hxg4 Kf6 50. Ke4 Bd6 51. Nb3 Kg5 52. Nxd4 Kxg4 53. Nxb5 Bxb4 54. d4 g5 55. d5 Kh3 56. Nd4 g4 57. Ne2 g3 58. Nf4+ Kh2 59. Kf3 Bd6 60. Ng2 Be5 61. Nh4 Kh3 62. Ng2 Bd6 63. Ne3 Be5 64. Ng2 Bd6 65. Ne1 Bb8 66. Ng2 Bd6 1/2-1/2

[Event "Montevideo Duchamp Cup 7th"]
[Site "Montevideo"]
[Date "2024.02.06"]
[Round "6"]
[White "Estrada Nieto, Julian"]
[Black "Ressia, Lorenzo"]
[Result "1-0"]
[WhiteElo "2199"]
[BlackElo "1959"]
[PlyCount "81"]
[EventDate "2024.02.01"]
[EventType "swiss"]
[EventRounds "9"]
[EventCountry "URU"]
[SourceTitle "CB07_2024"]
[SourceDate "2024.02.14"]
[SourceVersion "1"]
[SourceVersionDate "2024.02.14"]
[SourceQuality "1"]

1. e4 c6 2. d4 d5 3. Nc3 dxe4 4. Nxe4 Nf6 5. Nxf6+ exf6 6. c3 Bd6 7. Bd3 0-0 8. Ne2 Re8 9. 0-0 Qc7 10. h3 Nd7 11. Qc2 Nf8 12. Bd2 b6 13. Rae1 Bb7 14. c4 Rad8 15. b4 c5 16. bxc5 bxc5 17. d5 h5 18. Qa4 Re7 19. Ba5 Qd7 20. Qxd7 Rdxd7 21. Ng3 Bxg3 22. fxg3 Ng6 23. Bf5 Ne5 24. Bxd7 Rxd7 25. Rf5 Nxc4 26. Rxh5 Ne5 27. Bc3 g6 28. Rh4 Rxd5 29. Ra4 a6 30. Rb1 Rd7 31. Rf4 Rd3 32. Rxb7 Rxc3 33. Rxf6 Ra3 34. Re7 Re3 35. Rfxf7 Rxg3 36. Rg7+ Kf8 37. Rc7 Re3 38. Rh7 Kg8 39. Rb7 Re1+ 40. Kh2 Nc4 41. Rhc7 1-0

[Event "Montevideo Duchamp Cup 7th"]
[Site "Montevideo"]
[Date "2024.02.02"]
[Round "2"]
[White "Estrada Nieto, Julian"]
[Black "Masoller, Martin"]
[Result "1/2-1/2"]
[WhiteElo "2199"]
[BlackElo "1820"]
[PlyCount "81"]
[EventDate "2024.02.01"]
[EventType "swiss"]
[EventRounds "9"]
[EventCountry "URU"]
[SourceTitle "CB07_2024"]
[SourceDate "2024.02.14"]
[SourceVersion "1"]
[SourceVersionDate "2024.02.14"]
[SourceQuality "1"]

1. e4 c6 2. d4 d5 3. Nd2 dxe4 4. Nxe4 Nf6 5. Nxf6+ exf6 6. c3 Bd6 7. Bd3 0-0 8. Ne2 Re8 9. 0-0 Na6 10. Ng3 Nc7 11. Ne4 Bf8 12. Qh5 g6 13. Qh4 Bg7 14. Bh6 Ne6 15. Bxg7 Kxg7 16. f4 f5 17. Ng5 h6 18. Nxe6+ Bxe6 19. Qf2 c5 20. Bb5 Bd7 21. Bxd7 Qxd7 22. dxc5 Re4 23. Rad1 Qc7 24. Rd4 Rae8 25. Rxe4 Rxe4 26. g3 h5 27. Re1 Rxe1+ 28. Qxe1 Qxc5+ 29. Qf2 Qb5 30. Qd4+ Kh7 31. c4 Qe8 32. Kf2 Qc6 33. Ke3 b6 34. b4 Qg2 35. Qd5 Qxa2 36. Qxf7+ Kh6 37. Qf8+ Kh7 38. Qe7+ Kh6 39. Qf8+ Kh7 40. Qf7+ Kh6 41. Qf8+ 1/2-1/2

[Event "Titled Tuesday intern op 23rd Jan Late"]
[Site "Chess.com INT"]
[Date "2024.01.23"]
[Round "7"]
[White "Estrada Nieto, Julian"]
[Black "Garrido Outon, Alex"]
[Result "0-1"]
[WhiteElo "2199"]
[BlackElo "2406"]
[PlyCount "98"]
[EventDate "2024.01.23"]
[EventType "swiss (blitz)"]
[EventRounds "11"]
[EventCountry "USA"]
[SourceTitle "CB05_2024"]
[SourceDate "2024.01.31"]
[SourceVersion "1"]
[SourceVersionDate "2024.01.31"]
[SourceQuality "1"]

1. e4 c6 2. d4 g6 3. Nc3 Bg7 4. Nf3 d5 5. h3 dxe4 6. Nxe4 Nf6 7. Nxf6+ exf6 8. Be2 0-0 9. 0-0 a5 10. Be3 Nd7 11. Qd2 Nb6 12. c4 Be6 13. Rac1 Nc8 14. Rfd1 Ne7 15. Bh6 Bxh6 16. Qxh6 Qd7 17. Qf4 Rfd8 18. Qxf6 Qc7 19. d5 cxd5 20. cxd5 Nxd5 21. Rxc7 Nxf6 22. Rxd8+ Rxd8 23. Rxb7 Bxa2 24. Ra7 Rd5 25. h4 Bb3 26. Ng5 Rc5 27. Bf3 a4 28. Kh2 Rc2 29. Kg3 Rxb2 30. Bc6 Ra2 31. Rb7 Rc2 32. Rb6 Rc3+ 33. f3 a3 34. Ra6 a2 35. Ra8+ Kg7 36. Be4 Rc1 37. Rb8 a1Q 38. Rxb3 Qe5+ 39. Kf2 h6 40. Nh3 Nxe4+ 41. fxe4 Qxe4 42. Rf3 Rc2+ 43. Kg3 Qe5+ 44. Nf4 g5 45. hxg5 hxg5 46. Kg4 gxf4 47. Rxf4 Rxg2+ 48. Kf3 Rf2+ 49. Kxf2 Qxf4+ 0-1

[Event "Titled Tuesday intern op 16th Jan Early"]
[Site "Chess.com INT"]
[Date "2024.01.16"]
[Round "3"]
[White "Estrada Nieto, Julian"]
[Black "Korol, Dimitry"]
[Result "1/2-1/2"]
[WhiteElo "2199"]
[BlackElo "2287"]
[PlyCount "88"]
[EventDate "2024.01.16"]
[EventType "swiss (blitz)"]
[EventRounds "11"]
[EventCountry "USA"]
[SourceTitle "CB04_2024"]
[SourceDate "2023.10.16"]
[SourceVersion "1"]
[SourceVersionDate "2023.10.16"]
[SourceQuality "1"]

1. e4 c5 2. Nf3 d6 3. d4 cxd4 4. Qxd4 a6 5. Bc4 Nc6 6. Qd3 g6 7. Nc3 Bg7 8. Bg5 Nf6 9. h3 0-0 10. 0-0 b5 11. Bb3 Bb7 12. Qe3 Nd7 13. Bh6 Rc8 14. Bxg7 Kxg7 15. Rfd1 Qb6 16. Qd2 Nf6 17. Nd5 Nxd5 18. exd5 Na5 19. Re1 Rfe8 20. Re3 Nc4 21. Bxc4 Rxc4 22. Rae1 Qc7 23. c3 Rc5 24. Qd4+ Kg8 25. Qh4 Bxd5 26. Rxe7 Rxe7 27. Rxe7 Qd8 28. Ng5 h5 29. Ne4 Bxe4 30. Qxe4 Kf8 31. Ra7 Qf6 32. Rxa6 Re5 33. Qb1 Qe6 34. Kf1 Qc4+ 35. Kg1 Qe6 36. Kh2 Re2 37. Qd3 Qe5+ 38. Qg3 Rxb2 39. Rxd6 Qxg3+ 40. Kxg3 Rxa2 41. Rb6 Ra3 42. Rxb5 Rxc3+ 43. f3 Rc6 44. h4 Re6 1/2-1/2